Statistiken für Schweizer Gruppen von Dingen

Klicken Sie hier um das Quiz zu spielen!

Allgemein

  • Dieses Quiz wurde 126 mal gespielt
  • Das Durchschnittsergebnis liegt bei 28 aus 45

Antwortstatistiken

GruppeAntwort% Korrekt
Wertvollste MarkenZurich
97%
Grösste StädteZürich
97%
LandessprachenDeutsch
95%
LandessprachenFranzösisch
95%
Grösste StädteBasel
94%
LandessprachenItalienisch
94%
Grösste StädteBern
92%
Grösste StädteGenf
92%
Längste FlüsseRhein
91%
Längste EisenbahntunnelGotthard
87%
LandessprachenRätoromanisch
87%
UrkantoneUri
84%
Grösste StädteLausanne
80%
UrkantoneSchwyz
77%
Grösste StädteLuzern
75%
Grösste StädteSt. Gallen
72%
BundesratsparteienSP
71%
BundesratsparteienSVP
71%
Längste FlüsseAare
70%
UrkantoneUnterwalden
68%
Wertvollste MarkenRolex
65%
BundesratsparteienDie Mitte
64%
GrosslandschaftenAlpen
63%
Grösste Detailhändler
Migros
63%
Grösste DetailhändlerCoop
62%
BundesratsparteienFDP
62%
Grösste StädteWinterthur
59%
Längste FlüsseRhone
55%
GrosslandschaftenJura
50%
Längste FlüsseLimmat
50%
Wertvollste MarkenNestlé
49%
Erfolgreichste Skifahrer*innen
(Weltcupsiege)
Marco Odermatt
48%
Farben der Schweizer SpielkartenEicheln
47%
GrosslandschaftenMittelland
43%
Farben der Schweizer SpielkartenSchellen
43%
Erfolgreichste Skifahrer*innen
(Weltcupsiege)
Lara Gut-Behrami
39%
Längste FlüsseReuss
38%
Wertvollste MarkenUBS
35%
Farben der Schweizer SpielkartenSchilten
34%
Farben der Schweizer SpielkartenRosen
33%
Erfolgreichste Skifahrer*innen
(Weltcupsiege)
Pirmin Zurbriggen
25%
Längste EisenbahntunnelLötschberg
24%
Erfolgreichste Skifahrer*innen
(Weltcupsiege)
Vreni Schneider
23%
Wertvollste MarkenRoche
20%
Längste EisenbahntunnelSimplon
20%

Verteilung der Resultate

Perzentil nach korrekt beantworteten Fragen

Anzahl Personen mit jedem Resultat

Ihre Resultats-Entwicklung

Sie haben dieses Quiz noch nicht gespielt